Statistics for Most Liked Presidents of the United States

Click here to take the quiz!

General Stats

  • This quiz has been taken 86 times
  • The average score is 7 of 10

Answer Stats

RankingAnswer% Correct
6John Fitzgerald Kennedy
93%
1George Washington
90%
2Abraham Lincoln
85%
5Franklin Delano Roosevelt
85%
9Ronald Wilson Reagan
75%
3Thomas Jefferson
72%
4Theodore Roosevelt
66%
10Dwight David Eisenhower
63%
7John Adams
56%
8James Madison
38%

Score Distribution

Percentile by Number Answered

Percent of People with Each Score

Your Score History

You have not taken this quiz